Digitális könyvtári projektek az Europeana-tól egy Kistérségi Elektronikus Könyvtárig

Elmentve itt :
Bibliográfiai részletek
Szerző: Tatár Katalin
További közreműködők: Hegyi Ádám (Témavezető)
Dokumentumtípus: Szakdolgozat
Megjelent: 2011
Tárgyszavak:
Online Access:http://diploma.bibl.u-szeged.hu/35952
LEADER 00596nta a2200157 i 4500
001 dipl35952
005 20160419081846.0
008 120210s2011 hu om 0|| hun d
040 |a SZTE Diploma Repozitórium  |b hun 
041 |a hun 
100 1 |a Tatár Katalin 
245 1 0 |a Digitális könyvtári projektek az Europeana-tól egy Kistérségi Elektronikus Könyvtárig  |h [elektronikus dokumentum] /  |c Katalin Tatár 
260 |c 2011 
650 4 |a Bölcsészettudományok 
700 1 |a Hegyi Ádám  |e ths 
856 4 0 |u http://diploma.bibl.u-szeged.hu/id/eprint/35952/1/2010_tatar_katalin_virag.pdf  |z Dokumentum-elérés